000
00229nam a22001097a 4500
020
_a
978-0276421938
041
_a
ENG
100
_a
Schwaexz.J
245
_a
Foods Harm Foods Heal
260
_a
Delhi
_b
Radiers
_c
2007
300
_a
416
999
_c
3180
_d
3180